00975 2200361 4500001002100000005001500021035002000036007000300056040001600059100003300075245005200108250001100160300004100171020001800212041000800230082001000238084001700248090002400265264003500289336002100324337003000345338002300375650001700398850001000415008004100425504002500466990001800491990002100509990002300530990001800553990002100571990002100592INLIS00000000000468020260524030941 a0010-0122000312ta aSPBUPDbind0 aBurhanuddin SalamePengarang1 aEtika Sosial Asas Moral Dalam Kehidupan Manusia aCet. 1 axii, 210 hal :billus. ;c14 x 21 cm a979-518-692-2 aind a302.5 a302.5 BUR e a201.4 ALI t 2 R 12 aJakarta :bRineka Cipta,c2002 2rdacontentaTeks 2rdamediaaTanpa Perantara 2rdacarrieraVolume 4aEtika Sosial aPUPAD260524 0  abibliografi, hlm 208 a14400/BR/2014 a243/BR/KAPD/2011 a14399/BR/KAPD/2011 a14398/BR-2014 a241/BR/KAPD/2011 a243/BR/KAPD/2011